000 00741nam a2200241Ia 4500
999 _c64750
_d64750
003 GCL
005 20240530110748.0
008 140319s9999 xx 000 0 ara d
040 _aGCL /
_cGCL
082 0 4 _a640 \
_bش د
100 1 _aالشركة الشرقية للمطبوعات
245 1 0 _aدليلك سيدتى : دليل المرأة . اطفالنا والاخطار /
_cالشركة الشرقية للمطبوعات
490 _aدليلك سيدتى
_v0
650 0 4 _aالمرأة
650 0 4 _aالزواج
650 0 4 _aالشعر
650 0 4 _aالنساء
650 0 4 _aمستحضرات التجميل
650 0 4 _aالعطور
650 0 4 _aالوجه
650 0 4 _aالمكياج , فن
942 _2ddc
_cBK